| 000 | 00499nam a2200157Ia 4500 | ||
|---|---|---|---|
| 008 | 240729s9999 xx 000 0 und d | ||
| 022 | _a2413-3027 | ||
| 245 | 0 | _aJournal for the Study of Religion | |
| 260 | _aSouth Africa | ||
| 260 | _bAssociation for the Study of Religion in Southern Africa | ||
| 650 | _a Religions. Mythology. Rationalism | ||
| 650 | _aPhilosophy. Psychology. Religion | ||
| 856 | _uhttps://doaj.org/toc/0768ef9452364b29ac1c8662296f7aa1 | ||
| 942 | _2ddc | ||
| 942 | _cDOAJEJ | ||
| 999 |
_c66342 _d66342 |
||
| 945 |
_a1 _bMadushi Gamage _c1 _dMadushi Gamage |
||